000 00305nam a22001337a 4500
008 170411b xxu||||| |||| 00| 0 eng d
020 _a9780834207554
041 _aeng
080 _a612.39
100 _a9
101 _aSHM
245 _aNUTRITION COUNSELING SKILLS
_cSNETSEELAAR, L.G
942 _2udc
_cBK
999 _c10400
_d10400